[Event "Silkway Cup"]
[Site "T#646345FIDE"]
[Date "2020.05.26"]
[Round "6"]
[White "Chepaschess"]
[Black "Nanadzagnidze"]
[Result "1/2-1/2"]
[WhiteElo "2037"]
[BlackElo "1890"]
[PlyCount "157"]
[EventDate "2020.05.26"]
[EventType "swiss (blitz)"]

1. d4 {[%emt 0:00:04]} f5 {[%emt 0:00:03]} 2. g3 {[%emt 0:00:06]} Nf6 {[%emt 0:00:01]} 3. Bg2 {[%emt 0:00:01]} e6 {[%emt 0:00:02]} 4. c4 {[%emt 0:00:03]} Be7 {[%emt 0:00:04]} 5. Nc3 {[%emt 0:00:09]} O-O {[%emt 0:00:02]} 6. Nf3 {[%emt 0:00:01]} b6 {[%emt 0:00:02]} 7. Ne5 {[%emt 0:00:07]} c6 {[%emt 0:00:09]} 8. d5 {[%emt 0:00:27]} cxd5 {[%emt 0:00:03]} 9. cxd5 {[%emt 0:00:01]} Bb7 {[%emt 0:00:01]} 10. O-O {[%emt 0:00:07]} Bb4 {[%emt 0:00:19]} 11. Qb3 {[%emt 0:00:21]} Bxc3 {[%emt 0:00:04]} 12. dxe6 {[%emt 0:00:07]} d5 {[%emt 0:00:18]} 13. Qxc3 {[%emt 0:00:08]} Qe7 {[%emt 0:00:15]} 14. Bg5 {[%emt 0:00:10]} Qxe6 {[%emt 0:00:22]} 15. Bxf6 {[%emt 0:00:08]} gxf6 {[%emt 0:00:38]} 16. Nd3 {[%emt 0:00:21]} d4 {[%emt 0:00:02]} 17. Qxd4 {[%emt 0:00:04]} Bxg2 {[%emt 0:00:02]} 18. Kxg2 {[%emt 0:00:00]} Nc6 {[%emt 0:00:02]} 19. Qe3 {[%emt 0:00:13]} Qxe3 {[%emt 0:00:12]} 20. fxe3 {[%emt 0:00:00]} Rae8 {[%emt 0:00:01]} 21. Rac1 {[%emt 0:00:14]} Ne5 {[%emt 0:00:05]} 22. Rxf5 {[%emt 0:00:07]} Nxd3 {[%emt 0:00:14]} 23. exd3 {[%emt 0:00:00]} Rxe3 {[%emt 0:00:01]} 24. Rf3 {[%emt 0:00:01]} Re2+ {[%emt 0:00:03]} 25. Rf2 {[%emt 0:00:01]} Re3 {[%emt 0:00:19]} 26. Rd2 {[%emt 0:00:01]} Rd8 {[%emt 0:00:03]} 27. d4 {[%emt 0:00:05]} Kf7 {[%emt 0:00:09]} 28. Rc7+ {[%emt 0:00:03]} Re7 {[%emt 0:00:02]} 29. Rxe7+ {[%emt 0:00:01]} Kxe7 {[%emt 0:00:00]} 30. Kf3 {[%emt 0:00:00]} Ke6 {[%emt 0:00:11]} 31. Ke4 {[%emt 0:00:02]} Rd5 {[%emt 0:00:06]} 32. Re2 {[%emt 0:00:09]} h5 {[%emt 0:00:03]} 33. Rf2 {[%emt 0:00:02]} Rb5 {[%emt 0:00:03]} 34. d5+ {[%emt 0:00:03]} Ke7 {[%emt 0:00:02]} 35. Rc2 {[%emt 0:00:02]} a5 {[%emt 0:00:03]} 36. b3 {[%emt 0:00:08]} a4 {[%emt 0:00:02]} 37. bxa4 {[%emt 0:00:03]} Rb4+ {[%emt 0:00:01]} 38. Kf5 {[%emt 0:00:01]} Rxa4 {[%emt 0:00:01]} 39. Re2+ {[%emt 0:00:05]} Kf7 {[%emt 0:00:01]} 40. d6 {[%emt 0:00:03]} Ra5+ {[%emt 0:00:01]} 41. Kf4 {[%emt 0:00:01]} Rd5 {[%emt 0:00:01]} 42. Re7+ {[%emt 0:00:04]} Kf8 {[%emt 0:00:01]} 43. Rd7 {[%emt 0:00:05]} Ke8 {[%emt 0:00:01]} 44. Rh7 {[%emt 0:00:03]} Rxd6 {[%emt 0:00:01]} 45. Rxh5 {[%emt 0:00:01]} Rd2 {[%emt 0:00:03]} 46. a3 {[%emt 0:00:01]} Rd3 {[%emt 0:00:04]} 47. Rb5 {[%emt 0:00:04]} Rxa3 {[%emt 0:00:03]} 48. Rxb6 {[%emt 0:00:02]} Kf7 {[%emt 0:00:01]} 49. Rb4 {[%emt 0:00:03]} Kg6 {[%emt 0:00:02]} 50. h4 {[%emt 0:00:01]} Ra1 {[%emt 0:00:01]} 51. g4 {[%emt 0:00:05]} Rf1+ {[%emt 0:00:01]} 52. Kg3 {[%emt 0:00:01]} Rg1+ {[%emt 0:00:01]} 53. Kf3 {[%emt 0:00:01]} Rf1+ {[%emt 0:00:02]} 54. Kg2 {[%emt 0:00:01]} Rd1 {[%emt 0:00:02]} 55. Re4 {[%emt 0:00:03]} Rd3 {[%emt 0:00:02]} 56. Rf4 {[%emt 0:00:02]} Ra3 {[%emt 0:00:02]} 57. Rf3 {[%emt 0:00:01]} Ra1 {[%emt 0:00:03]} 58. Kg3 {[%emt 0:00:01]} Ra4 {[%emt 0:00:03]} 59. h5+ {[%emt 0:00:04]} Kg7 {[%emt 0:00:02]} 60. Re3 {[%emt 0:00:01]} Ra1 {[%emt 0:00:02]} 61. Kf4 {[%emt 0:00:02]} Rf1+ {[%emt 0:00:02]} 62. Rf3 {[%emt 0:00:02]} Rg1 {[%emt 0:00:02]} 63. Kf5 {[%emt 0:00:04]} Rg2 {[%emt 0:00:01]} 64. Rf4 {[%emt 0:00:03]} Rg1 {[%emt 0:00:01]} 65. Re4 {[%emt 0:00:04]} Rf1+ {[%emt 0:00:02]} 66. Ke6 {[%emt 0:00:06]} Rf2 {[%emt 0:00:03]} 67. Rd4 {[%emt 0:00:07]} Re2+ {[%emt 0:00:02]} 68. Kf5 {[%emt 0:00:01]} Rf2+ {[%emt 0:00:02]} 69. Rf4 {[%emt 0:00:01]} Rg2 {[%emt 0:00:02]} 70. Ke4 {[%emt 0:00:03]} Rg1 {[%emt 0:00:02]} 71. Ke3 {[%emt 0:00:01]} Rg2 {[%emt 0:00:03]} 72. Kf3 {[%emt 0:00:01]} Rg1 {[%emt 0:00:02]} 73. Kf2 {[%emt 0:00:00]} Rh1 {[%emt 0:00:03]} 74. Re4 {[%emt 0:00:04]} f5 {[%emt 0:00:02]} 75. Kg2 {[%emt 0:00:09]} Rh4 {[%emt 0:00:01]} 76. Kg3 {[%emt 0:00:05]} Rxg4+ {[%emt 0:00:01]} 77. Rxg4+ {[%emt 0:00:01]} fxg4 {[%emt 0:00:01]} 78. h6+ {[%emt 0:00:00]} Kxh6 {[%emt 0:00:01]} 79. Kxg4 {[%emt 0:00:00] (Lag: Av=1.35s, max=2.0s)} 1/2-1/2

[Event "Silkway Cup"]
[Site "T#646345FIDE"]
[Date "2020.05.26"]
[Round "6"]
[White "gul91"]
[Black "Ninullia"]
[Result "1-0"]
[WhiteElo "2035"]
[BlackElo "1677"]
[Annotator "NA"]
[PlyCount "65"]
[EventDate "2020.05.26"]
[EventType "swiss (blitz)"]

1. e4 {[%emt 0:00:02]} e5 {[%emt 0:00:02]} 2. Nf3 {[%emt 0:00:01]} Nc6 {[%emt 0:00:03]} 3. Bc4 {[%emt 0:00:01]} Nf6 {[%emt 0:00:03]} 4. d3 {[%emt 0:00:02]} Be7 {[%emt 0:00:02]} 5. O-O {[%emt 0:00:03]} O-O {[%emt 0:00:01]} 6. a4 {[%emt 0:00:01]} d6 {[%emt 0:00:02]} 7. Re1 {[%emt 0:00:07]} Kh8 {[%emt 0:00:01]} 8. h3 {[%emt 0:00:03]} h6 {[%emt 0:00:02]} 9. Nc3 {[%emt 0:00:01]} Nh7 {[%emt 0:00:03]} 10. Nd5 {[%emt 0:00:03]} f5 {[%emt 0:00:01]} 11. c3 {[%emt 0:00:14]} Bf6 {[%emt 0:00:02]} 12. b4 {[%emt 0:00:10]} Ne7 {[%emt 0:00:03]} 13. Nxf6 {[%emt 0:00:13]} Rxf6 {[%emt 0:00:11]} 14. d4 {[%emt 0:00:14]} fxe4 {[%emt 0:00:22]} 15. dxe5 {[%emt 0:00:02]} Rf8 {[%emt 0:01:01]} 16. exd6 {[%emt 0:00:18]} cxd6 {[%emt 0:00:07]} 17. Rxe4 {[%emt 0:00:05]} d5 {[%emt 0:00:07]} 18. Rd4 {[%emt 0:00:02]} Be6 {[%emt 0:00:06]} 19. Bb3 {[%emt 0:00:18]} Qc7 {[%emt 0:00:05]} 20. Bb2 {[%emt 0:00:08]} Nf6 {[%emt 0:00:33]} 21. Qe2 {[%emt 0:00:11]} Bf7 {[%emt 0:00:10]} 22. Ne5 {[%emt 0:00:07]} Bh5 {[%emt 0:00:04]} 23. g4 {[%emt 0:00:09]} Ne4 {[%emt 0:00:04]} 24. Rxe4 {[%emt 0:00:18]} dxe4 {[%emt 0:00:02]} 25. c4 {[%emt 0:00:09]} Bg6 {[%emt 0:00:10]} 26. c5 {[%emt 0:00:09]} Rae8 {[%emt 0:00:09]} 27. Qe3 {[%emt 0:00:06]} Kh7 {[%emt 0:00:10]} 28. Rd1 {[%emt 0:00:12]} Nc6 {[%emt 0:00:08]} 29. Rd7 {[%emt 0:00:11]} Qc8 {[%emt 0:00:01]} 30. Rxg7+ {[%emt 0:00:10]} Kxg7 {[%emt 0:00:01]} 31. Nf7+ {[%emt 0:00:01]} Kg8 {[%emt 0:00:01]} 32. Qxh6 {[%emt 0:00:02]} Rxf7 {[%emt 0:00:05]} 33. Qh8# {[%emt 0:00:01] (Lag: Av=0.99s, max=1.4s)} 1-0

[Event "Silkway Cup"]
[Site "T#646345FIDE"]
[Date "2020.05.26"]
[Round "6"]
[White "NikaVolkov"]
[Black "Misi_95"]
[Result "1-0"]
[WhiteElo "1937"]
[BlackElo "1842"]
[Annotator "NA"]
[PlyCount "81"]
[EventDate "2020.05.26"]
[EventType "swiss (blitz)"]

1. d4 {[%emt 0:00:02]} Nf6 {[%emt 0:00:02]} 2. c4 {[%emt 0:00:01]} e6 {[%emt 0:00:01]} 3. Nc3 {[%emt 0:00:01]} Bb4 {[%emt 0:00:02]} 4. Qc2 {[%emt 0:00:01]} O-O {[%emt 0:00:04]} 5. e3 {[%emt 0:00:02]} d6 {[%emt 0:00:05]} 6. Bd3 {[%emt 0:00:01]} e5 {[%emt 0:00:01]} 7. Nge2 {[%emt 0:00:05]} Nc6 {[%emt 0:00:03]} 8. d5 {[%emt 0:00:11]} Ne7 {[%emt 0:00:04]} 9. O-O {[%emt 0:00:01]} Bxc3 {[%emt 0:00:04]} 10. Nxc3 {[%emt 0:00:00]} Ng6 {[%emt 0:00:07]} 11. Rb1 {[%emt 0:00:14]} a5 {[%emt 0:00:28]} 12. a3 {[%emt 0:00:01]} Ng4 {[%emt 0:00:12]} 13. f3 {[%emt 0:00:04]} Nf6 {[%emt 0:00:13]} 14. b4 {[%emt 0:00:01]} axb4 {[%emt 0:00:03]} 15. axb4 {[%emt 0:00:00]} b6 {[%emt 0:00:26]} 16. Rf2 {[%emt 0:00:09]} Nh5 {[%emt 0:00:04]} 17. Bf5 {[%emt 0:00:22]} Qg5 {[%emt 0:00:13]} 18. Bxc8 {[%emt 0:00:07]} Raxc8 {[%emt 0:00:00]} 19. Ne4 {[%emt 0:00:05]} Qe7 {[%emt 0:00:03]} 20. g4 {[%emt 0:00:05]} Nf6 {[%emt 0:00:04]} 21. Ng3 {[%emt 0:00:02]} c6 {[%emt 0:00:09]} 22. dxc6 {[%emt 0:00:51]} Rxc6 {[%emt 0:00:02]} 23. b5 {[%emt 0:00:00]} Rc7 {[%emt 0:00:05]} 24. Ba3 {[%emt 0:00:01]} Rfc8 {[%emt 0:00:04]} 25. Nf5 {[%emt 0:00:01]} Qe6 {[%emt 0:00:14]} 26. Nxd6 {[%emt 0:00:03]} Ra8 {[%emt 0:00:03]} 27. Bb4 {[%emt 0:00:09]} e4 {[%emt 0:00:31]} 28. g5 {[%emt 0:00:13]} Nd7 {[%emt 0:00:20]} 29. Qxe4 {[%emt 0:00:05]} Qxe4 {[%emt 0:00:01]} 30. fxe4 {[%emt 0:00:01]} Nde5 {[%emt 0:00:03]} 31. c5 {[%emt 0:00:39]} bxc5 {[%emt 0:00:02]} 32. b6 {[%emt 0:00:01]} Rc6 {[%emt 0:00:04]} 33. b7 {[%emt 0:00:01]} Rb8 {[%emt 0:00:01]} 34. Ba5 {[%emt 0:00:02]} c4 {[%emt 0:00:12]} 35. Rc2 {[%emt 0:00:16]} c3 {[%emt 0:00:01]} 36. Rxc3 {[%emt 0:00:02]} Rxc3 {[%emt 0:00:01]} 37. Bxc3 {[%emt 0:00:00]} Nc6 {[%emt 0:00:01]} 38. Bd4 {[%emt 0:00:02]} Nge7 {[%emt 0:00:02]} 39. Ra1 {[%emt 0:00:05]} Kf8 {[%emt 0:00:01]} 40. Ra8 {[%emt 0:00:01]} h6 {[%emt 0:00:06]} 41. Ba7 {[%emt 0:00:02] Misi_95 terk eder (Lag: Av=0.53s, max=0.9s)} 1-0

[Event "Silkway Cup"]
[Site "T#646345FIDE"]
[Date "2020.05.26"]
[Round "6"]
[White "S-melia"]
[Black "Belusi"]
[Result "1-0"]
[WhiteElo "1781"]
[BlackElo "2440"]
[PlyCount "79"]
[EventDate "2020.05.26"]
[EventType "swiss (blitz)"]

1. e4 {[%emt 0:00:02]} c6 {[%emt 0:00:01]} 2. d4 {[%emt 0:00:01]} d5 {[%emt 0:00:00]} 3. Nc3 {[%emt 0:00:02]} dxe4 {[%emt 0:00:01]} 4. Nxe4 {[%emt 0:00:00]} Nf6 {[%emt 0:00:01]} 5. Nxf6+ {[%emt 0:00:01]} exf6 {[%emt 0:00:00]} 6. Nf3 {[%emt 0:00:01]} Bd6 {[%emt 0:00:01]} 7. Be3 {[%emt 0:00:01]} O-O {[%emt 0:00:03]} 8. Bd3 {[%emt 0:00:02]} Bg4 {[%emt 0:00:03]} 9. h3 {[%emt 0:00:02]} Bh5 {[%emt 0:00:02]} 10. g4 {[%emt 0:00:01]} Bg6 {[%emt 0:00:02]} 11. Bxg6 {[%emt 0:00:01]} fxg6 {[%emt 0:00:02]} 12. Qd3 {[%emt 0:00:02]} Qa5+ {[%emt 0:00:05]} 13. Nd2 {[%emt 0:00:13]} Kh8 {[%emt 0:00:11]} 14. Qb3 {[%emt 0:00:06]} Na6 {[%emt 0:00:13]} 15. O-O-O {[%emt 0:00:02]} b5 {[%emt 0:00:03]} 16. h4 {[%emt 0:00:03]} c5 {[%emt 0:00:08]} 17. dxc5 {[%emt 0:00:02]} Bxc5 {[%emt 0:00:02]} 18. Kb1 {[%emt 0:00:08]} Bxe3 {[%emt 0:00:06]} 19. Qxe3 {[%emt 0:00:05]} Rfe8 {[%emt 0:00:03]} 20. Qf3 {[%emt 0:00:13]} Rac8 {[%emt 0:00:06]} 21. Nb3 {[%emt 0:00:08]} Qc7 {[%emt 0:00:04]} 22. Rd2 {[%emt 0:00:08]} Nb4 {[%emt 0:00:07]} 23. c3 {[%emt 0:00:09]} Nc6 {[%emt 0:00:02]} 24. h5 {[%emt 0:00:04]} Ne5 {[%emt 0:00:03]} 25. Qg3 {[%emt 0:00:18]} Qc6 {[%emt 0:00:09]} 26. Rhd1 {[%emt 0:00:36]} Qe4+ {[%emt 0:00:03]} 27. Ka1 {[%emt 0:00:02]} Nc4 {[%emt 0:00:10]} 28. Rd7 {[%emt 0:00:58]} Qc2 {[%emt 0:00:11]} 29. Rb1 {[%emt 0:00:08]} a5 {[%emt 0:00:15]} 30. hxg6 {[%emt 0:00:03]} Qxg6 {[%emt 0:00:08]} 31. Nd2 {[%emt 0:00:11]} Ne5 {[%emt 0:00:15]} 32. Rd4 {[%emt 0:00:03]} Qc2 {[%emt 0:00:07]} 33. f4 {[%emt 0:00:03]} Nc6 {[%emt 0:00:05]} 34. Rd6 {[%emt 0:00:02]} Red8 {[%emt 0:00:02]} 35. f5 {[%emt 0:00:06]} Ne5 {[%emt 0:00:02]} 36. Rxd8+ {[%emt 0:00:04]} Rxd8 {[%emt 0:00:00]} 37. Nb3 {[%emt 0:00:02]} a4 {[%emt 0:00:03]} 38. Nd4 {[%emt 0:00:01]} b4 {[%emt 0:00:05]} 39. Nxc2 {[%emt 0:00:02]} b3 {[%emt 0:00:02]} 40. Nb4 {[%emt 0:00:02] Belusi resigns (Lag: Av=0.63s, max=1.7s)} 1-0

[Event "Silkway Cup"]
[Site "T#646345FIDE"]
[Date "2020.05.26"]
[Round "6"]
[White "Nino2014"]
[Black "AbdullaKh"]
[Result "0-1"]
[WhiteElo "1769"]
[BlackElo "1571"]
[Annotator "NA"]
[PlyCount "122"]
[EventDate "2020.05.26"]
[EventType "swiss (blitz)"]

1. d4 {[%emt 0:00:03]} Nf6 {[%emt 0:00:02]} 2. Nf3 {[%emt 0:00:01]} e6 {[%emt 0:00:03]} 3. Bf4 {[%emt 0:00:01]} d5 {[%emt 0:00:01]} 4. Nbd2 {[%emt 0:00:01]} c5 {[%emt 0:00:02]} 5. e3 {[%emt 0:00:01]} Nc6 {[%emt 0:00:01]} 6. c3 {[%emt 0:00:02]} Bd6 {[%emt 0:00:00]} 7. Bg3 {[%emt 0:00:01]} O-O {[%emt 0:00:01]} 8. Bd3 {[%emt 0:00:01]} b6 {[%emt 0:00:02]} 9. Qe2 {[%emt 0:00:01]} Bb7 {[%emt 0:00:02]} 10. Rd1 {[%emt 0:00:01]} Qe7 {[%emt 0:00:04]} 11. Ne5 {[%emt 0:00:09]} Nd7 {[%emt 0:00:25]} 12. f4 {[%emt 0:00:05]} cxd4 {[%emt 0:00:18]} 13. exd4 {[%emt 0:00:03]} f5 {[%emt 0:00:14]} 14. Nxd7 {[%emt 0:00:14]} Qxd7 {[%emt 0:00:02]} 15. O-O {[%emt 0:00:01]} Ne7 {[%emt 0:00:27]} 16. Rde1 {[%emt 0:00:04]} Ng6 {[%emt 0:00:01]} 17. Qxe6+ {[%emt 0:00:08]} Qxe6 {[%emt 0:00:06]} 18. Rxe6 {[%emt 0:00:00]} Rad8 {[%emt 0:00:03]} 19. Nb3 {[%emt 0:00:15]} a5 {[%emt 0:00:06]} 20. Bb5 {[%emt 0:00:05]} Bc8 {[%emt 0:00:02]} 21. Ree1 {[%emt 0:00:04]} h5 {[%emt 0:00:02]} 22. h3 {[%emt 0:00:09]} h4 {[%emt 0:00:03]} 23. Bh2 {[%emt 0:00:01]} Kf7 {[%emt 0:00:01]} 24. Nc1 {[%emt 0:00:01]} Bd7 {[%emt 0:00:07]} 25. a4 {[%emt 0:00:15]} Bxb5 {[%emt 0:00:12]} 26. axb5 {[%emt 0:00:00]} Rfe8 {[%emt 0:00:06]} 27. Nd3 {[%emt 0:00:01]} Re4 {[%emt 0:00:03]} 28. Ne5+ {[%emt 0:00:03]} Bxe5 {[%emt 0:00:08]} 29. fxe5 {[%emt 0:00:00]} Ke6 {[%emt 0:00:08]} 30. Kf2 {[%emt 0:00:13]} Rf8 {[%emt 0:00:22]} 31. Re2 {[%emt 0:00:21]} Ne7 {[%emt 0:00:15]} 32. b3 {[%emt 0:00:24]} g5 {[%emt 0:00:04]} 33. Rc1 {[%emt 0:00:14]} g4 {[%emt 0:00:04]} 34. Rxe4 {[%emt 0:00:07]} fxe4+ {[%emt 0:00:01]} 35. Ke2 {[%emt 0:00:05]} gxh3 {[%emt 0:00:15]} 36. gxh3 {[%emt 0:00:00]} Rf3 {[%emt 0:00:00]} 37. c4 {[%emt 0:00:06]} Rxh3 {[%emt 0:00:03]} 38. Bg1 {[%emt 0:00:04]} Rxb3 {[%emt 0:00:02]} 39. cxd5+ {[%emt 0:00:12]} Kxd5 {[%emt 0:00:01]} 40. Rc7 {[%emt 0:00:05]} Nf5 {[%emt 0:00:02]} 41. Rd7+ {[%emt 0:00:22]} Ke6 {[%emt 0:00:01]} 42. Rb7 {[%emt 0:00:06]} Rb2+ {[%emt 0:00:03]} 43. Kd1 {[%emt 0:00:01]} Rb1+ {[%emt 0:00:07]} 44. Kc2 {[%emt 0:00:01]} Rxg1 {[%emt 0:00:01]} 45. Rxb6+ {[%emt 0:00:01]} Kd5 {[%emt 0:00:04]} 46. Rf6 {[%emt 0:00:04]} Nxd4+ {[%emt 0:00:02]} 47. Kd2 {[%emt 0:00:04]} Nxb5 {[%emt 0:00:00]} 48. e6 {[%emt 0:00:02]} h3 {[%emt 0:00:08]} 49. e7 {[%emt 0:00:02]} Nc7 {[%emt 0:00:01]} 50. Rh6 {[%emt 0:00:04]} Rg2+ {[%emt 0:00:03]} 51. Ke3 {[%emt 0:00:03]} Rg3+ {[%emt 0:00:00]} 52. Ke2 {[%emt 0:00:02]} Ne8 {[%emt 0:00:03]} 53. Rh8 {[%emt 0:00:01]} Nd6 {[%emt 0:00:06]} 54. Rh6 {[%emt 0:00:01]} Ne8 {[%emt 0:00:01]} 55. Rh8 {[%emt 0:00:01]} Nc7 {[%emt 0:00:04]} 56. Rh6 {[%emt 0:00:06]} a4 {[%emt 0:00:03]} 57. Rh5+ {[%emt 0:00:05]} Kd4 {[%emt 0:00:01]} 58. Ra5 {[%emt 0:00:02]} Rg2+ {[%emt 0:00:01]} 59. Kf1 {[%emt 0:00:03]} Ra2 {[%emt 0:00:01]} 60. Ra7 {[%emt 0:00:01]} h2 {[%emt 0:00:00]} 61. Rxc7 {[%emt 0:00:01]} h1=Q# {[%emt 0:00:01] (Lag: Av=1.12s, max=2.4s)} 0-1

[Event "Silkway Cup"]
[Site "T#646345FIDE"]
[Date "2020.05.26"]
[Round "6"]
[White "gb_23"]
[Black "Profi013"]
[Result "0-1"]
[WhiteElo "1756"]
[BlackElo "1624"]
[Annotator "NA"]
[PlyCount "86"]
[EventDate "2020.05.26"]
[EventType "swiss (blitz)"]

1. c4 {[%emt 0:00:03]} e5 {[%emt 0:00:04]} 2. g3 {[%emt 0:00:01]} Nf6 {[%emt 0:00:01]} 3. Bg2 {[%emt 0:00:01]} Nc6 {[%emt 0:00:02]} 4. Nc3 {[%emt 0:00:01]} Bb4 {[%emt 0:00:05]} 5. Nd5 {[%emt 0:00:04]} Bc5 {[%emt 0:00:02]} 6. e3 {[%emt 0:00:25]} Nxd5 {[%emt 0:00:06]} 7. cxd5 {[%emt 0:00:11]} Ne7 {[%emt 0:00:01]} 8. Ne2 {[%emt 0:00:04]} d6 {[%emt 0:00:01]} 9. O-O {[%emt 0:00:01]} O-O {[%emt 0:00:02]} 10. d4 {[%emt 0:00:01]} Bb6 {[%emt 0:00:06]} 11. dxe5 {[%emt 0:00:02]} dxe5 {[%emt 0:00:01]} 12. b3 {[%emt 0:00:10]} Nf5 {[%emt 0:00:05]} 13. Ba3 {[%emt 0:00:04]} Re8 {[%emt 0:00:03]} 14. Nc3 {[%emt 0:00:04]} Nd6 {[%emt 0:00:05]} 15. Rc1 {[%emt 0:00:19]} f5 {[%emt 0:00:03]} 16. Qc2 {[%emt 0:00:17]} Bd7 {[%emt 0:00:04]} 17. Bb2 {[%emt 0:00:04]} Qe7 {[%emt 0:00:11]} 18. Rfe1 {[%emt 0:00:02]} e4 {[%emt 0:00:12]} 19. Ne2 {[%emt 0:00:07]} Qf7 {[%emt 0:00:04]} 20. Nf4 {[%emt 0:00:04]} Rac8 {[%emt 0:00:06]} 21. Red1 {[%emt 0:00:01]} Re7 {[%emt 0:00:28]} 22. Bf1 {[%emt 0:00:06]} Ne8 {[%emt 0:00:30]} 23. Be2 {[%emt 0:00:06]} Nf6 {[%emt 0:00:01]} 24. Bc4 {[%emt 0:00:07]} Kh8 {[%emt 0:00:20]} 25. d6 {[%emt 0:00:13]} cxd6 {[%emt 0:00:02]} 26. Bxf7 {[%emt 0:00:01]} Rxc2 {[%emt 0:00:01]} 27. Rxc2 {[%emt 0:00:01]} Rxf7 {[%emt 0:00:01]} 28. Rxd6 {[%emt 0:00:02]} Kg8 {[%emt 0:00:05]} 29. Rcd2 {[%emt 0:00:20]} Bc6 {[%emt 0:00:03]} 30. Ne6 {[%emt 0:00:17]} Ne8 {[%emt 0:00:02]} 31. Rd8 {[%emt 0:00:14]} Bxd8 {[%emt 0:00:03]} 32. Rxd8 {[%emt 0:00:00]} Rd7 {[%emt 0:00:17]} 33. Rxe8+ {[%emt 0:00:04]} Kf7 {[%emt 0:00:01]} 34. Nxg7 {[%emt 0:00:03]} Rd1+ {[%emt 0:00:03]} 35. Kg2 {[%emt 0:00:01]} Bxe8 {[%emt 0:00:01]} 36. Nxf5 {[%emt 0:00:04]} Rd2 {[%emt 0:00:01]} 37. Bd4 {[%emt 0:00:03]} Rxa2 {[%emt 0:00:01]} 38. Nd6+ {[%emt 0:00:01]} Ke7 {[%emt 0:00:04]} 39. Bc5 {[%emt 0:00:01]} b6 {[%emt 0:00:05]} 40. Nf5+ {[%emt 0:00:04]} Kf6 {[%emt 0:00:02]} 41. Nd6 {[%emt 0:00:04]} bxc5 {[%emt 0:00:04]} 42. Nxe8+ {[%emt 0:00:01]} Ke5 {[%emt 0:00:00]} 43. h4 {[%emt 0:00:06]} a5 {[%emt 0:00:02] gb_23 resigns (Lag: Av=0.76s, max=1.1s)} 0-1

[Event "Silkway Cup"]
[Site "T#646345FIDE"]
[Date "2020.05.26"]
[Round "6"]
[White "NIKiler"]
[Black "Eltaj Safarli"]
[Result "1-0"]
[WhiteElo "1699"]
[BlackElo "2747"]
[Annotator "TA"]
[PlyCount "97"]
[EventDate "2020.05.26"]
[EventType "swiss (blitz)"]

{[%evp 11,97,0,10,2,16,15,23,25,23,8,5,13,25,6,8,8,10,11,2,-8,16,10,56,28,37,6,18,-13,0,-12,-22,-64,-64,-50,-62,-123,-118,-175,-70,-62,-66,-78,-83,-84,-70,-87,-77,-90,-50,-121,-114,-133,-122,-133,-133,-152,-113,-122,-114,-114,-16,-98,-13,-99,-104,-110,17,17,17,16,25,14,53,56,311,271,837,837,825,813,760,754,1100,832,5165,5527,2322,2049]} 1. d4 Nf6 2. c4 e6 3. Nf3 d5 4. g3 Be7 5. Bg2 O-O 6. Nc3 Nbd7 7. b3 {E06: Closed Catalan: Early deviations.} Nb6 {[#]} 8. c5 $146 ({Predecessor:} 8. Qd3 c5 9. e3 Bd7 10. Ne5 Rc8 11. O-O cxd4 12. exd4 dxc4 13. bxc4 Nxc4 14. Bxb7 Rc7 {½-½ (29) Petursson,M (2464)-Kovalev,V (2674) Puhajarve 2019}) 8... Nbd7 9. O-O {White has an edge.} Ne4 10. Bb2 Nxc3 11. Bxc3 a5 12. a3 c6 13. b4 b6 14. Re1 Ba6 15. Nd2 f5 16. Qc2 Nf6 17. e3 Ne4 18. Reb1 (18. Bxe4 fxe4 19. Qd1 bxc5 $15) 18... Bb5 19. a4 {[%cal Rd2e4]} (19. Bxe4 fxe4 20. Qd1 a4 $17) (19. Bf1 {feels hotter.} Bxf1 20. Rxf1 a4 21. Nf3 Bf6 22. cxb6 Qxb6 23. Ne1) 19... Nxc3 20. Qxc3 axb4 21. Qxb4 bxc5 22. dxc5 Bd3 23. Rb3 (23. Re1 $15) 23... Bc2 $1 $17 24. Rba3 (24. a5 $17) 24... Qa5 ({Black should try} 24... Bf6 $1 $19 {Strongly threatening ...Rb8.} 25. Nf3 Bxa1 26. Rxa1 Qf6) 25. Qxa5 $15 Rxa5 26. Nb3 Bxb3 $1 27. Rxb3 Rfa8 28. Rb6 Rxc5 29. Bf1 Kf7 30. h4 (30. a5 $15) 30... Kf6 31. Rb7 Rca5 32. Rc7 {[#]} c5 $1 33. Rb1 {intending Rbb7.} R8a7 34. Rc6 c4 35. Rbb6 Rxa4 (35... Rc5 $17 36. Rxe6+ Kf7) 36. Rxe6+ $11 Kf7 37. Bg2 (37. Re5 $11) 37... Ra1+ $17 38. Kh2 {[#]} Rd1 ({And not} 38... R7a2 39. Bxd5 Rxf2+ 40. Kh3 $16) (38... R1a5 $1 $17 39. Re5 g6) 39. Re5 $11 {[%mdl 64] Double Attack} Rd7 40. Rxf5+ Bf6 41. g4 {g5 is the strong threat.} c3 {White must now prevent ...Rc7.} 42. Rc6 {aiming for g5.} Re7 $2 {[%mdl 8192] This move loses the game for Black.} ({Better is} 42... c2 $14 43. Rxc2 g6) 43. g5 {[%mdl 64] Pin} ({Weaker is} 43. Rxd5 Rxd5 44. Bxd5+ Kf8 $16) ({But not} 43. Bxd5+ $6 Ke8 $18) 43... Kg6 $2 (43... Re6 44. Bxd5 Rxd5 45. Rc7+ Kg6 46. Rxd5 Be5+ 47. Rxe5 {[%mdl 64] Remove Defender} Rxe5 48. Rxc3 Kf5) 44. gxf6 $18 {White is clearly winning.} gxf6 45. Rfxf6+ Kg7 46. Rfd6 Rd3 47. Rxd5 Rxd5 48. Bxd5 Re5 49. e4 {Accuracy: White = 72%, Black = 60%.} 1-0